| 000 | 01434cam a2200409 i 4500 | ||
|---|---|---|---|
| 001 | 20927110 | ||
| 003 | EG-ScBUE | ||
| 005 | 20230924094645.0 | ||
| 006 | m||||fq||h 00| 0 | ||
| 008 | 190411t2019 vaua f 001 0 eng d | ||
| 020 | _a9781683923855 | ||
| 040 |
_aDLC _beng _erda _cDLC _dDLC _dEG-ScBUE |
||
| 082 | 0 | 4 |
_a794.81526 _222 _bLAN |
| 100 | 1 |
_aLanzinger, Franz, _eauthor. |
|
| 245 | 1 | 0 |
_aClassic game design : _bfrom pong to pac-man with unity / _cFranz Lanzinger. |
| 250 | _aSecond edition. | ||
| 264 | 1 |
_aDullas, Virginia : _bMercury Learning and Information, _c[2019] |
|
| 264 | 4 | _cc2019 | |
| 300 |
_ax, 293 pages : _bcolor illustrations ; _c23 cm + _e1 videodisc (4 3/4 in.) |
||
| 336 |
_atext _btxt _2rdacontent |
||
| 336 |
_atwo-dimensional moving image _btdi _2rdacontent |
||
| 337 |
_aunmediated _bn _2rdamedia |
||
| 337 |
_avideo _bv _2rdamedia |
||
| 338 |
_avolume _bnc _2rdacarrier |
||
| 338 |
_avideodisc _bvd _2rdacarrier |
||
| 500 | _aIncludes index. | ||
| 500 | _aIncludes appendix. | ||
| 538 | _aSystem requirements to view DVD: PC or Mac readable disk drive. | ||
| 630 | 0 | 7 |
_aUnity (Electronic resource) _2BUEsh |
| 650 | 7 |
_aVideo games _xProgramming. _2BUEsh |
|
| 650 | 7 |
_aVideo games _xDesign. _2BUEsh |
|
| 653 |
_cSeptember2023 _bART _2GD |
||
| 655 | _vReading book | ||
| 906 |
_a7 _bcbc _corignew _d2 _eepcn _f20 _gy-gencatlg |
||
| 942 |
_2ddc _cBB |
||
| 999 |
_c30559 _d30530 |
||